[Event "SVK-chT2A 2223"]
[Site "Slovakia"]
[Date "2023.03.25"]
[Round "10.3"]
[White "Simonics, Peter"]
[Black "Kosnac, Patrik"]
[Result "0-1"]
[WhiteElo "2088"]
[BlackElo "1901"]
[PlyCount "60"]
[EventDate "2022.10.08"]
[EventType "team-tourn"]
[EventRounds "11"]
[EventCountry "SVK"]
[SourceTitle "EXT 2024"]
[Source "ChessBase"]
[SourceDate "2023.10.10"]
[SourceVersion "1"]
[SourceVersionDate "2023.10.10"]
[SourceQuality "1"]
[WhiteTeam "Dunajska Streda II"]
[BlackTeam "Pezinok"]
[WhiteTeamCountry "SVK"]
[BlackTeamCountry "SVK"]

1. e4 e6 2. d4 d5 3. e5 c5 4. c3 Qb6 5. Nf3 Nc6 6. a3 a5 7. a4 Bd7 8. Bb5 cxd4 9. cxd4 Nge7 10. 0-0 Nf5 11. Be3 h5 12. Nc3 f6 13. Bd3 Nxe3 14. Bg6+ Kd8 15. fxe3 Rh6 16. Bd3 f5 17. Ng5 Ke8 18. Nb5 Rc8 19. Qf3 Nd8 20. Rac1 Rc6 21. Kh1 h4 22. Rfd1 Be7 23. Nd6+ Rxd6 24. exd6 Bxg5 25. e4 dxe4 26. Bxe4 Bf6 27. Bb1 Bxd4 28. Re1 Kf8 29. Qf4 Bf6 30. Ba2 h3 0-1

[Event "SVK-chT2A 2223"]
[Site "Slovakia"]
[Date "2022.11.27"]
[Round "6.7"]
[White "Kosnac, Patrik"]
[Black "Halasz, Adam"]
[Result "1-0"]
[WhiteElo "1890"]
[BlackElo "1758"]
[PlyCount "25"]
[EventDate "2022.10.08"]
[EventType "team-tourn"]
[EventRounds "11"]
[EventCountry "SVK"]
[SourceTitle "EXT 2024"]
[Source "ChessBase"]
[SourceDate "2023.10.10"]
[SourceVersion "1"]
[SourceVersionDate "2023.10.10"]
[SourceQuality "1"]
[WhiteTeam "Pezinok"]
[BlackTeam "Senec"]
[WhiteTeamCountry "SVK"]
[BlackTeamCountry "SVK"]

1. d4 d5 2. Nf3 Nf6 3. c4 e6 4. Nc3 Bb4 5. Qb3 Nc6 6. Bg5 dxc4 7. Qxc4 Qd5 8. Qxd5 Nxd5 9. Rc1 h6 10. Bh4 g5 11. Bg3 g4 12. Nd2 Nxd4 13. Be5 1-0

[Event "SVK-chT2A 2223"]
[Site "Slovakia"]
[Date "2022.11.26"]
[Round "5.5"]
[White "Banas, Jan"]
[Black "Kosnac, Patrik"]
[Result "1-0"]
[WhiteElo "2203"]
[BlackElo "1890"]
[PlyCount "81"]
[EventDate "2022.10.08"]
[EventType "team-tourn"]
[EventRounds "11"]
[EventCountry "SVK"]
[SourceTitle "EXT 2024"]
[Source "ChessBase"]
[SourceDate "2023.10.10"]
[SourceVersion "1"]
[SourceVersionDate "2023.10.10"]
[SourceQuality "1"]
[WhiteTeam "Cifer"]
[BlackTeam "Pezinok"]
[WhiteTeamCountry "SVK"]
[BlackTeamCountry "SVK"]

1. c4 c5 2. Nf3 Nf6 3. Nc3 d5 4. cxd5 Nxd5 5. Qa4+ Bd7 6. Qh4 Nxc3 7. dxc3 Nc6 8. e4 e5 9. Qg3 Qf6 10. Bc4 Qg6 11. Ng5 Nd8 12. h4 Bd6 13. h5 Qf6 14. Nxh7 Rxh7 15. Bg5 Qg6 16. hxg6 Rxh1+ 17. Ke2 Rxa1 18. gxf7+ Nxf7 19. Bh4 g5 20. Bxg5 Be7 21. Be3 Nd6 22. Qg8+ Bf8 23. Bg5 Bg4+ 24. f3 Nxc4 25. fxg4 Kd7 26. Qxc4 Bd6 27. Qf7+ Kc6 28. Bf6 Rb1 29. g5 Rxb2+ 30. Kf3 Rf8 31. Qd5+ Kc7 32. g3 Rb1 33. Kg4 Rf1 34. Qe6 b5 35. Be7 Bxe7 36. Qxe7+ Kb6 37. g6 R8f6 38. Kg5 R6f3 39. g4 Rg3 40. g7 Rfg1 41. Qe6+ 1-0

[Event "Trnava Reti Memorial op"]
[Site "Trnava"]
[Date "2022.08.12"]
[Round "2"]
[White "Kosnac, Patrik"]
[Black "Havaldova, Natalia"]
[Result "1-0"]
[WhiteElo "1919"]
[BlackElo "1185"]
[PlyCount "39"]
[EventDate "2022.08.11"]
[EventType "swiss"]
[EventRounds "7"]
[EventCountry "SVK"]
[SourceTitle "CBM 209 Extra"]
[Source "ChessBase"]
[SourceDate "2022.09.30"]
[SourceVersion "1"]
[SourceVersionDate "2022.09.30"]
[SourceQuality "1"]

1. d4 d5 2. Nf3 Bf5 3. c4 c5 4. Nc3 Nf6 5. dxc5 e6 6. Bg5 Bxc5 7. cxd5 Nbd7 8. e4 Qb6 9. Qe2 Bg4 10. dxe6 Qxe6 11. h3 Bh5 12. g4 Bg6 13. Nd2 Bb4 14. Bg2 Qe5 15. f4 Qe7 16. f5 h6 17. Nd5 Qe5 18. Nxb4 Qxb2 19. Bxf6 Qxa1+ 20. Bxa1 1-0

[Event "SVK-chT2A 1516"]
[Site "Slovakia"]
[Date "2016.02.14"]
[Round "9.8"]
[White "Kosnac, Patrik"]
[Black "Ulehla, Jakub"]
[Result "1-0"]
[WhiteElo "1775"]
[BlackElo "1666"]
[PlyCount "71"]
[EventDate "2015.10.17"]
[EventType "team-tourn"]
[EventRounds "11"]
[EventCountry "SVK"]
[SourceTitle "EXT 2017"]
[Source "ChessBase"]
[SourceDate "2016.10.25"]
[SourceVersion "1"]
[SourceVersionDate "2016.10.25"]
[SourceQuality "1"]
[WhiteTeam "Pezinok"]
[BlackTeam "Osuske II"]
[WhiteTeamCountry "SVK"]
[BlackTeamCountry "SVK"]

1. d4 d5 2. c4 c6 3. Nc3 e6 4. e3 Nf6 5. Nf3 Bd6 6. Bd3 Nbd7 7. 0-0 0-0 8. e4 dxe4 9. Nxe4 Nxe4 10. Bxe4 Nf6 11. Bc2 b6 12. b3 Qc7 13. Bb2 Rd8 14. Qd3 c5 15. d5 e5 16. Nd2 g6 17. f4 e4 18. Qc3 Be7 19. Nxe4 Rd6 20. Nxd6 Qxd6 21. Qe5 Qxe5 22. fxe5 Ne8 23. Be4 Bd8 24. d6 Rb8 25. Bd5 Be6 26. d7 Ng7 27. g4 b5 28. Ba3 b4 29. Bb2 a5 30. Rad1 Bc7 31. h3 Rd8 32. Bc6 Bb6 33. Kg2 Kf8 34. Bc1 h5 35. Kg3 Kg8 36. Bg5 1-0

[Event "SVK-chT2A 1415"]
[Site "Slovakia"]
[Date "2015.03.07"]
[Round "10.8"]
[White "Kosnac, Patrik"]
[Black "Danada, Ondrej"]
[Result "0-1"]
[WhiteElo "1235"]
[BlackElo "1870"]
[PlyCount "116"]
[EventDate "2014.10.11"]
[EventType "team-tourn"]
[EventRounds "11"]
[EventCountry "SVK"]
[SourceTitle "EXT 2016"]
[Source "ChessBase"]
[SourceDate "2015.10.08"]
[SourceVersion "1"]
[SourceVersionDate "2015.10.08"]
[SourceQuality "1"]
[WhiteTeam "Pezinok"]
[BlackTeam "Osuske II"]
[WhiteTeamCountry "SVK"]
[BlackTeamCountry "SVK"]

1. Nf3 Nf6 2. g3 c5 3. c4 Nc6 4. Bg2 d5 5. 0-0 g6 6. d4 dxc4 7. dxc5 Qa5 8. Nd4 Bd7 9. Nxc6 Bxc6 10. Bxc6+ bxc6 11. Qd4 Bg7 12. Na3 Rd8 13. Qxc4 Nd7 14. b4 Qa4 15. Rb1 0-0 16. Qc2 Qxc2 17. Nxc2 a5 18. a3 Rb8 19. Bb2 Bxb2 20. Rxb2 Nxc5 21. Rfb1 axb4 22. Nxb4 Na4 23. Rb3 c5 24. Nd5 Rbd8 25. Nxe7+ Kg7 26. Nc6 Rd6 27. Na5 Rd2 28. e3 Ra8 29. Nc4 Rc2 30. Nd6 Rd8 31. Ne4 Re8 32. Ng5 Re5 33. Nf3 Rf5 34. e4 Rf6 35. e5 Rf5 36. g4 Rf4 37. h3 Nc3 38. Ne1 Nxb1 39. Nxc2 Nd2 40. Re3 Rc4 41. Ne1 Rc1 42. Kg2 Nc4 43. Re2 Nxa3 44. Nd3 Rc3 45. Nb2 c4 46. Re3 Rxe3 47. fxe3 c3 48. Nd3 Nc4 49. Kf3 c2 50. Kf4 h6 51. Nc1 Nd2 52. h4 Kf8 53. e4 Nc4 54. h5 g5+ 55. Kf5 Ne3+ 56. Kf6 Nxg4+ 57. Kf5 Ne3+ 58. Kf6 g4 0-1